Návrh obvodu zníženia úrovne fázového šumu miniatúrneho céziového atómového etalónu frekvencie CSAC SA.45s

Salvato in:
Dettagli Bibliografici
Autore principale: Čižmárik, Filip (Autore)
Altri autori: Štofanik, Vladimír (Relatore della tesi)
Natura: Manoscritto Libro
Lingua:slovacco
Pubblicazione: 2017
Soggetti:
Accesso online:http://is.stuba.sk/zp/portal_zp.pl?podrobnosti=131087
Tags: Aggiungi Tag
Nessun Tag, puoi essere il primo ad aggiungerne!!

MARC

LEADER 00000ntm a22000003a 4500
001 stuzp57886
003 SK-STU
005 20170626091957.7
007 ta
008 150427s2015----xo-----f-mn---000-0-slo-d
040 |a STU  |b slo 
041 0 |a slo 
044 |a xo 
100 1 |a Čižmárik, Filip  |u 033000  |4 aut  |U FEI Fakulta elektrotechniky a informatiky  |T FEI Ústav elektroniky a fotoniky  |X 8552  |U E030  |Y 549  |7 8552 
242 0 1 |a Design of a circuit for reducing the phase noise level of the CSAC SA.45s miniaturized cesium atomic frequency standard  |y eng 
245 1 0 |a Návrh obvodu zníženia úrovne fázového šumu miniatúrneho céziového atómového etalónu frekvencie CSAC SA.45s 
260 |c 2017 
300 |a 53 s., príl.,  |b CD-ROM 
650 4 |a CSAC SA.45s  |2 slo 
650 4 |a Krátkodobá stabilita frekvencie  |2 slo 
650 4 |a spätno-väzobný systém  |2 slo 
650 4 |a Dlhodobá stabilita frekvencie  |2 slo 
650 4 |a CSAC SA.45s  |2 eng 
650 4 |a Short-term stability of frequency  |2 eng 
650 4 |a Long-term stability of frequency  |2 eng 
650 4 |a Feedback system  |2 eng 
700 1 |a Štofanik, Vladimír  |u 033000  |k Z1  |4 ths  |U FEI Fakulta elektrotechniky a informatiky  |T FEI Ústav elektroniky a fotoniky  |X 47766  |U E030  |Y 549  |7 A000047766 
856 4 |u http://is.stuba.sk/zp/portal_zp.pl?podrobnosti=131087 
996 |b 284EP11544  |c E*DIPL- 11544  |l EE33  |s P  |a 0  |w stuzp57886_0001